Le Comité International de la Croix-Rouge et la guerre
Guardat en:
| Autor principal: | |
|---|---|
| Format: | Llibre |
| Idioma: | francès |
| Publicat: |
Ginebra
Comité Internacional de la Cruz Roja
1944
|
| Edició: | 3a. ed |
| Matèries: | |
| Etiquetes: |
Afegir etiqueta
Sense etiquetes, Sigues el primer a etiquetar aquest registre!
|
MARC
| LEADER | 00000nam a2200000 a 4500 | ||
|---|---|---|---|
| 001 | UCT9538 | ||
| 003 | CL-VaPUC | ||
| 008 | 970404e19440000SZ |||||||||||||||||fre|d | ||
| 082 | 0 | 4 | |a 341.6 |b CHA |2 21 |
| 100 | 0 | |a Chapuisat, Edouard |e author |9 382340 | |
| 245 | 1 | 3 | |a Le Comité International de la Croix-Rouge et la guerre |
| 250 | |a 3a. ed | ||
| 300 | |a 15 p | ||
| 942 | |c BK | ||
| 945 | |d 19970404 00:00:00 |a lriquelm | ||
| 260 | |a Ginebra |b Comité Internacional de la Cruz Roja |c 1944 | ||
| 650 | 0 | |a Derecho internacional |9 255637 | |
| 650 | 7 | |a CRUZ ROJA |2 CL-VaPUC |9 382341 | |
| 650 | 0 | |a Guerra |9 255876 | |
| 650 | 0 | |a Prisioneros de guerra |9 350908 | |
| 583 | |a last modification |c 20161003 07:25:46 |k Rodrigo Vera | ||
| 999 | |c 257930 |d 257928 | ||
| 952 | |0 0 |1 0 |2 ddc |4 0 |6 341_600000000000000_CHA_1944 |7 0 |8 A |9 281655 |a BIBDER |b BIBDER |d 2019-11-19 |i 1825038 |o 341.6 CHA 1944 |p 1825038 |r 2023-01-25 |w 2019-11-19 |y MX |k DER | ||